000
00271nam a22001097a 4500
082
_a
542.2 CAT'G
100
_a
GRIFFIN,GEORGE
_9
59589
245
_a
A CATALOGUE OF MODERN LABORATORY EQUIPMENT
260
_a
ENGLAND
_b
GRIFFIN & GEORGE
_c
1962
300
_a
E116P
942
_c
BK
999
_c
569529
_d
569529